Ładuje się......

MANAPPURAM (മണപ്പുറം)

Opis bibliograficzny
1. autor: KUMARADAS (കുമാരദാസ് )
Format: Printed Book
Wydane: MANGALODAYAM
Dostęp online:http://10.26.1.76/ks/006347.pdf
LEADER 00401nam a22001217a 4500
100 |a KUMARADAS (കുമാരദാസ് )  |9 38912 
245 |a MANAPPURAM (മണപ്പുറം) 
260 |b MANGALODAYAM 
300 |a p.149-152  |b 10.4, 1092 (ME) 
856 |u http://10.26.1.76/ks/006347.pdf 
942 |c KS 
999 |c 90641  |d 90641 
952 |0 0  |1 0  |4 0  |7 0  |9 83228  |a MGUL  |b MGUL  |d 2016-08-22  |l 0  |r 2016-08-22  |w 2016-08-22  |y KS